000 00746nam a2200229 i 4500
001 bg
100 1 _aRYBICKI, Jarosław
245 1 0 _aTransport nośników w przestrzennie niejednorodnych cienkich warstwach dielektrycznych i słabo przewodzących /
_cJarosław Rybicki ; Politechnika Gdańska.
260 _aGdańsk :
_bWydaw. Politechniki Gdańskiej,
_c2000.
300 _a109, [2] s. :
_brys., wykr. ;
_c24 cm.
504 _aBibliogr.
650 9 _aPrzewodnictwo elektryczne
_xbadanie
650 9 _aDielektryki
_xfizyka
710 0 _aPolitechnika Gdańska
020 _a8388007629
040 _cBPK
041 0 _apl
_ben
080 _a537.2/.3
920 _a83-88007-62-9
942 _cKS
008 s pl f |000 0 pol
999 _c39527
_d39527
856 _uhttp://koha.tu.koszalin.pl/cgi-bin/koha/opac-detail.pl?biblionumber=39527
_yKatalog online BPK